Rappers with ‘Lil’ – Can You Name Them? - Statistics

General Stats
  • This quiz has been taken 34 times
  • The average score is 8 of 16
Answer Stats
Picture Answer % Correct
Lil Wayne
94%
Lil Tecca
84%
Lil Nas X
81%
Lil Peep
78%
Lil Baby
72%
Lil Pump
72%
Lil Uzi Vert
72%
Lil Durk
63%
Lil Yachty
63%
Lil Xan
38%
Lil Kim
25%
Lil Jon
19%
Lil Bow Wow
6%
Lil Debbie
0%
Lil Romeo
0%
Lil Twist
0%
No matching quizzes found
Score Distribution
Percent of People with Each Score
Percentile by Number Answered
Your Score History
You have not taken this quiz